Szczegóły MARC21

Larousse de poche 2004 : dictionnaire de la langue française et de la culture essentielle.

003 -Nazwa inst., której nr kontr. jest w polu 001 [,]
    • @
    • Nazwa instytucji, której n kontrolny jest w polu 001
    • NUKAT
005 -DATA I CZAS OSTATNIEJ MODYFIKACJI [,]
    • @
    • pole kontrolne
    • 20241231111013.0
020 -Międzynarod. znormalizowany nr książki - ISBN [ , ]
    • a
    • Numer ISBN
    • 2035320828 Find
040 -Instytucja sporządzająca opis [ , ]
    • a
    • Instytucja, która sporządziła opis (NP)
    • SZCZ U/MJ
    • b
    • Język katalogowania
    • pol
    • e
    • Zasady katalogowania
    • rda
    • c
    • Instytucja, która sporządziła rekord (NP)
    • SZCZ U/MJs
942 -Rodzaj dokumentu [ , ]
    • c
    • Rodzaj dokumentu
    • Książka
245 -Strefa tytułu i oznaczenia odpowiedzialności [0,0]
    • a
    • Tytuł
    • Larousse de poche 2004 : Find
    • b
    • Ciąg dalszy tytułu (NP)
    • dictionnaire de la langue française et de la culture essentielle. Find
250 -Strefa wydania [ , ]
    • a
    • Oznaczenie wydania (NP)
    • Édition mise à jour.
260 -Strefa adresu wydawniczego [ , ]
    • a
    • Miejsce wydania (P)
    • Paris :
    • b
    • Nazwa wydawcy (P)
    • Larousse,
    • c
    • Data wydania (P)
    • © 2003.
300 -Strefa opisu fizycznego [ , ]
    • a
    • Określenie formy książki i/lub objętość (NP)
    • XI, [3], 1009, [1] strona ;
    • c
    • Format (NP)
    • 18 cm.
336 -Typ zawartości [ , ]
    • a
    • Termin opisujący typ zawartości
    • Tekst
    • b
    • Kod określający zawartość
    • txt
    • 2
    • Źródło (terminu i kodu)
    • rdacontent
337 -Typ mediów [ , ]
    • a
    • Tryb odtwarzania
    • Bez urządzenia pośredniczącego
    • b
    • Kod typu mediów
    • n
    • 2
    • Źródło (terminu i kodu)
    • rdamedia
338 -Typ/rodzaj nośnika [ , ]
    • a
    • Hasło opisujące typ nośnika
    • Wolumin
    • b
    • Kod typu nośnika
    • nc
    • 2
    • Źródło (terminu i kodu)
    • rdacarrier
500 -Uwaga ogólna [ , ]
    • a
    • Uwaga ogólna (NP)
    • Druk dwuszpaltowy.
500 -Uwaga ogólna [ , ]
    • a
    • Uwaga ogólna (NP)
    • Dopisek na okładce: Les mots de la langue & les noms propres.
080 -Uniwersalna Klasyfikacja Dziesiętna [ , ]
    • 2
    • Identyfikator wydania tablic
    • UDC-P022
    • a
    • Symbol klasyfikacji
    • 811.111'374
    • b
    • Dopowiedzenie
    • Język francuski. Leksykografia. Słowniki: kompilacja i zawartość.
    • x
    • Poddział wspólny
    • (038)
    • b
    • Dopowiedzenie
    • (Słowniki).
650 -Hasło przedmiotowe [ ,7]
    • a
    • Hasło przedmiotowe
    • Język francuski
    • v
    • Określnik formalny
    • słowniki.
    • 2
    • Źródło terminu
    • kaba
    • 9
    • KHW
    • 113131
655 -Hasło w funkcji tematu formalnego [ ,7]
    • a
    • Hasło
    • Encyklopedie i słowniki francuskie.
    • 2
    • Źródło terminu
    • kaba
    • 9
    • KHW
    • 107706
980 -Symbol UKD [ , ]
    • a
    • UKD
    • 811.133.1'374(038)
710 -Hasło dodatkowe - nazwa ciała zbiorowego [2, ]
    • a
    • Nazwa ciała zbiorowego lub nazwa geograficzna jako pierwszy element (NP)
    • Larousse.
    • e
    • Rodzaj współpracy
    • Wydawca
    • 4
    • Kod relacji
    • pbl
    • 9
    • KHW
    • 80460
920 -ISBN [ , ]
    • a
    • ISBN
    • 2-03-532082-8 Find
Data inwentaryzacji Sygnatura Status udost. Lokalizacja Numer inwentarzowy
2007-01-12 -5BGWM.6012
2007-01-12 -5BGWM.6013
2007-01-12 2BGWM.6014
2007-01-12 2BGWM.6015
2007-01-12 2BGWM.6016
2007-01-12 2BGWM.6017
2007-01-12 2BGWM.6018
2007-01-12 2BGWM.6019
2007-01-12 2BGWM.6020
2007-01-12 2BGWM.6021
2007-01-12 2BGWM.6022
2007-01-12 2BGWM.6023
2007-01-12 2BGWM.6024
2007-01-12 2BGWM.6025
2007-01-12 2BGWM.6026
2007-01-12 2BGWM.6027
2007-01-12 2BGWM.6028
2007-01-12 2BGWM.6029
2007-01-12 2BGWM.6030
2007-01-12 -5BGWM.6031
2007-01-12 1BMA.7722
2007-01-12FR. Słowniki języka franc. 201BMA.7726
2007-01-12 -3BMA.7723
2007-01-12 -3BMA.7724
2007-01-12 -3BMA.7725